| Tag |
First Indicator |
Second Indicator |
Subfields |
| LEADER |
00000cam a2200000 4500 |
| 001 |
in00000020988 |
| 005 |
20151007060926.0 |
| 008 |
721213s1904 nyuaf 00010 eng |
| 010 |
|
|
|a 04030961
|
| 035 |
|
|
|a (OCoLC)00514154
|
| 035 |
|
|
|a AAD0594AM
|
| 040 |
|
|
|a DLC
|c WSU
|d TXA
|d UtOrBLW
|
| 049 |
|
|
|a TXAM
|c [218240]
|
| 050 |
|
0 |
|a DG420
|b .W55
|
| 092 |
|
|
|a 728.84
|b W553i
|
| 100 |
1 |
|
|a Wharton, Edith,
|d 1862-1937.
|
| 245 |
1 |
0 |
|a Italian villas and their gardens /
|c by Edith Wharton; illustrated with pictures by Maxfield Parrish and by photographs.
|
| 264 |
|
1 |
|a New York :
|b The Century Co.,
|c [1904]
|
| 300 |
|
|
|a xii, 270 pages including illustrations, plates (part color) :
|b color frontispiece 28 cm.
|
| 336 |
|
|
|a text
|b txt
|2 rdacontent
|
| 337 |
|
|
|a unmediated
|b n
|2 rdamedia
|
| 338 |
|
|
|a volume
|b nc
|2 rdacarrier
|
| 650 |
|
0 |
|a Architecture
|z Italy.
|
| 650 |
|
0 |
|a Architecture, Domestic
|z Italy.
|
| 650 |
|
0 |
|a Landscape gardening.
|
| 651 |
|
0 |
|a Italy
|x Description and travel.
|
| 999 |
|
|
|a MARS
|
| 999 |
f |
f |
|s 56b33cb0-df06-3faa-8287-a3371708b8fd
|i f0da536a-a64f-3cdd-aa08-51237db30eba
|t 0
|
| 952 |
f |
f |
|p ric
|a Texas A&M University
|b Rellis Campus
|c Joint Library Facility
|d Remote Storage
|t 0
|e DG420 .W55
|h Library of Congress classification
|i unmediated -- volume
|m A14801146131
|
| 998 |
f |
f |
|a DG420 .W55
|t 0
|l Remote Storage
|